000 00406nam a2200169Ia 4500
008 221030s9999 xx 000 0 und d
020 _a8131220207
041 _aEnglish
100 _aW. Schofield
245 0 _aEngineering Surveying
_cby W. Schofield, M. Breach
250 _a6th
260 _bReed Elsevier
_aHaryana
_c2009
300 _a622
650 _aCivil
700 _aM. Breach
942 _cBK
999 _c17756
_d17756